000 00619nam a2200193Ii 4500
003 JO-AjNU
008 230605s9999||||xx |||||||||||||| ||und||
040 _aJO-AjNU
_bara
_erda
_cJO-AjNU
041 _aara
050 1 4 _aNC1320
100 3 _aمؤسسة الشرق للنشر والترجمه تأليف ,
_eauthor
_98021
245 0 0 _aفن الكاريكاتير
264 3 1 _aالدوحة: د.ن ,د.ت
300 _a121ص
_bرسومات توضيحية
336 _atext
_btxt
_2rdacontent
337 _aunmediated
_bn
_2rdamedia
338 _avolume
_bnc
_2rdacarrier
650 4 _aفن الكاريكاتير
_98022
999 _aA576
_c4144
_d4144